Comentarios a la Ley Orgǹica del Poder Judicial

Bibliographic Details
Main Author: Martn̕ez Atienza, Gorgonio
Format: eBook
Language:Spanish
Published: Barcelona : Editorial vLex, 2013
Subjects:
Online Access:http://www.vlex.com/source/11279

MARC

LEADER 00000nam a22000007a 4500
005 20130613165315.0
007 cr|||| ||||
008 130613e2013 sp |||||s|||| 00||0 spa d
035 |a 11279 
040 |a vLex 
090 |c 4345  |d 4345 
100 1 0 |a Martn̕ez Atienza, Gorgonio  
245 1 0 |a Comentarios a la Ley Orgǹica del Poder Judicial  |c / Gorgonio Martn̕ez Atienza  |h [Recurso electrn̤ico]  
256 |a Servicio en ln̕ea 
260 |a Barcelona :  |b Editorial vLex,   |c 2013 
300 |a 1 Recurso electrn̤ico 
506 |a Contenido solo disponible en los productos indicados  |d vLex Global  |d vLex Global (Academic Edition, excluding Law Schools)  |d vLex Global (U.S. Academic Edition, Law Schools)  |d vLex Global (U.S. Academic Edition, excluding Law Schools)  |d vLex Global (Academic Edition, Law Schools) 
650 4 |a Organizacin̤ judicial  |z Espaą 
650 4 |a Poder Judicial  |z Espaą 
650 4 |a Derecho constitucional  |z Espaą 
740 |a vLex Libros (Servicio en ln̕ea) 
856 |a Acceso restringido  |u http://www.vlex.com/source/11279 
942 |c BOOK